00540nam a2200181 i 4500001000300000100001300003245005300016250001200069260002100081700001600102040000800118041000800126942000700134008004100141999001700182856009800199952006100297bg1 aSAKS, S. 0aFunkcje analityczne /cS. Saks, A. Zygmund.T.10. aWyd. 3. aWarszawa,c1959.1 aZYGMUND, A. cBPK apol cKS s pl f |000 0 pol  c22795d22795 uhttp://koha.tu.koszalin.pl/cgi-bin/koha/opac-detail.pl?biblionumber=22795yKatalog online BPK 00104070aBPKbBPKcwo32040p01240894s2015-01-16yKS